Ivanhoe / (Registro nro. 10645)

Detalles MARC
000 -LIDER
fixed length control field 01123cam a2200361 i 4500
001 - NÚMERO DE CONTROL
Identificador de número de control 0000464
003 - IDENTIFICACDOR DE NÚMERO DE CONTROL
control field DO-SdBNP
005 - DATE AND TIME OF LATEST TRANSACTION
control field 20221107122837.0
007 - CAMPOS FIJOS DE DESCRIPCIÓN FÍSICA
fixed length control field 0000464
008 - ELEMENTOS DE LONGITUD FIJA
fixed length control field 100514s 2009 sp a | |||| 000 f spa
015 ## - NÚMERO DENTRO DE LA BIBLIOGRAFÍA NACIONAL
National bibliography number
017 ## - NÚMERO DE REGISTRO DE DERECHOS DE AUTOR
Copyright or legal deposit number
Assigning agency
020 ## - ISBN
International Standard Book Number 9788466777629
035 ## - NÚMERO LOCAL
System control number
040 ## - FUENTE DE CATALOGACIÓN
Agencia que crea de manera original el registro BPMSU
Idioma de catalogación spa
Agencia que realiza la transcripción BPMSU
Convenciones de la despripción
080 ## - NÚMERO DE CLASIFICACIÓN DECIMAL UNIVERSAL
Universal Decimal Classification number
082 ## - NÚMERO DE CLASIFICACIÓN DECIMAL DE DEWEY
Classification number 828.9943
Item number S425i 2009
Edition number 22
100 1# - ASIENTO PRINCIPAL -- NOMBRE PERSONAL
Nombre personal Scott, Walter
Fechas asociadas con el nombre 1771-1832
245 10 - MENCIÓN DE TITULO
Título Ivanhoe /
Mención de responsabilidad Walter Scott ; adaptación Lourdes Íñiguez Barrena ; ilustraciones Raúl Allén
260 ## - PUBLICACIÓN, DISTRIBUCIÓN, ETC. (PIE DE IMPRENTA)
Lugar de publicación, distribución, etc Madrid:
Nombre del editor, distribuidor, etc. Grupo Anaya,
Fecha de publicación, distribución, etc 2009.
300 ## - DESCRIPCIÓN FÍSICA
Extensión 166 p. :
Otros detalles físicos il.;
Dimensiones 25 cm
490 0# - MENCIÓN DE SERIES
Mención de serie Clásicos a medida
500 ## - NOTA GENERAL
Nota general Incluye datos biográficos del autor.
500 ## - NOTA GENERAL
Nota general Incluye referencias bibliográficas y notas al pie de las páginas
521 ## - TARGET AUDIENCE NOTE
Target audience note Para jóvenes a partir de los 10 años.
590 ## - NOTA LOCAL
Enlace Inventariado, 2022/VM
650 #4 - ENCABEZAMIENTO DE MATERIA--TEMÁTICO
Término temático o nombre geográfico como elemento de entrada Novela escocesa |
651 #4 - ENCABEZAMIENTO DE MATERIA--NOMBRE GEOGRÁFICO
Nombre geográfico Escocia
Subdivisión temática general Historia
Subdivisión de forma Novela
700 1# - ASIENTO SECUNDARIO -- NOMBRE PERSONAL
Nombre personal Íñiguez Barrena, Lourdes
Mención de responsabilidad adaptación
700 1# - ASIENTO SECUNDARIO -- NOMBRE PERSONAL
Nombre personal Allén, Raúl
Mención de responsabilidad il.
910 ## - VALIDACIÓN
Validación YLOCKWARD/ VMateo V./Validado
942 ## - ADDED ENTRY ELEMENTS (KOHA)
Source of classification or shelving scheme Dewey Decimal Classification
Koha item type Libros
Existencias
Withdrawn status Lost status Source of classification or shelving scheme Damaged status Not for loan Collection code Home library Current library Date acquired Source of acquisition Full call number Barcode Date last seen Price effective from Koha item type
    Dewey Decimal Classification     Colección Juvenil General Biblioteca Pública Metropolitana Salomé Ureña Biblioteca Pública Metropolitana Salomé Ureña 07/01/2016 Fundi BPMSU CG 828.9943 S425i 2009 BPMSU16070002 07/01/2016 07/01/2016 Libros